La especie artística : estética, arte y evolución /
Se explora las dimensiones biológicas de la sensibilidad artística del ser humano. Se analizan temas como el interés innato del humano por generar obras artísticas de animales y de la naturaleza, o el vínculo evolutivo de la belleza humana.
Shranjeno v:
| Glavni avtor: | |
|---|---|
| Format: | Knjiga |
| Jezik: | španščina |
| Izdano: |
Barcelona, España :
Biblioteca Buridán,
copyright fecha no identificada
|
| Serija: | (Biblioteca Buridán)
|
| Teme: | |
| Oznake: |
Brez oznak, prvi označite!
|
MARC
| LEADER | 00000nam^a2200000^a^4500 | ||
|---|---|---|---|
| 001 | 000579175 | ||
| 005 | 20250521000000.0 | ||
| 009 | 20260310132524.143 | ||
| 020 | |a 978-84-19200-006-8 | ||
| 037 | |a Acervo ITESO - Biblioteca | ||
| 041 | |a ESP | ||
| 082 | |a 701. 17 |b DAV | ||
| 100 | |a Davies, Stephen |e (autor) | ||
| 245 | 1 | 3 | |a La especie artística : |b estética, arte y evolución / |c S. Davies ; tr. por Josep Sarret Grau. |
| 264 | 4 | |a Barcelona, España : |b Biblioteca Buridán, |c copyright fecha no identificada | |
| 300 | |a 379 p. | ||
| 336 | |a texto |b txt |2 rdacontenido | ||
| 337 | |a sin mediación |b n |2 rdamedio | ||
| 338 | |a volumen |b nc |2 rdasoporte | ||
| 440 | 1 | |a (Biblioteca Buridán) | |
| 500 | |a Traducción de: The Artful Species | ||
| 520 | |a Se explora las dimensiones biológicas de la sensibilidad artística del ser humano. Se analizan temas como el interés innato del humano por generar obras artísticas de animales y de la naturaleza, o el vínculo evolutivo de la belleza humana. | ||
| 521 | |a FIL 2023 DIA | ||
| 649 | |a XX | ||
| 650 | |a Animales en el Arte - |x Historia y Crítica | ||
| 650 | |a Naturaleza en el Arte - |x Historia y Crítica | ||
| 650 | |a Cuerpo Humano en el Arte - |x Historia y Crítica | ||
| 650 | |a Belleza Personal | ||
| 650 | |a Evolución | ||
| 650 | |a Pintura Rupestre - |x Historia y Crítica | ||
| 650 | |a Estética - |x Tema Principal | ||
| 650 | |a Arte Rupestre - |x Historia y Crítica | ||
| 650 | |a Arte Prehistórico - |x Historia y Crítica | ||
| 650 | |a Arte y Ciencia | ||
| 910 | |a Fondo General | ||
| 920 | |a Impresos - Libros | ||
| 930 | |a Colección General | ||
| 905 | |a 101 | ||
| 901 | |a 0500405642 |b IT1 |c ACC |i C184739 |u 20250521 | ||
| 902 | |a https://opac.biblio.iteso.mx/vufind/Record/000579175 | ||